000 00594nam a2200193Ia 4500
999 _c105
_d105
008 190805s9999||||xx |||||||||||||| ||und||
020 _a9788180549397
_cRs. 500.00
040 _aKO
082 0 4 _a658.1511
_bM2779 v.1
100 1 _aMaheshwari, S. N.
245 1 0 _aPrinciples of Management Accounting: vol.I /
_cS. N. Maheshwari
250 _a17th rev. ed.
260 _aNew Delhi :
_bSultan Chand & Sons,
_c2012, reprinted 2015
300 _avarious pagination
_b :
_c; 24 cm.
500 _aLibrary has 2 volumes
650 0 _aManagerial accounting
_vTextbooks
942 _cBK